LEADER 01011nam0 2200265 450 001 000020385 005 20081205115504.0 100 $a20081205d1952----km-y0itay50------ba 101 0 $aita 102 $aIT 105 $ay-------001yy 200 1 $aIstruzioni e tabelle$eper la risoluzione di alcuni problemi riguardanti le relazioni di posizione fra punti dati in coordinate geografiche riferite all'ellissoide internazionale 210 $aFirenze$cCoi tipi dell'Istituto geografico militare$d1952 215 $a86 p.$ctab.$d37 cm 225 2 $aCollezione dei testi tecnici 300 $aIn test. al front.: Istituto geografico militare 410 0$12001$aCollezione dei testi tecnici 500 10$aIstruzioni e tabelle$960649 610 1 $aCoordinate geografiche$aCoordinate geodetiche 676 $a526.6$v20$9Geodesia 801 0$aIT$bUNIPARTHENOPE$c20081205$gRICA$2UNIMARC 912 $a000020385 951 $aG 526.64/5$bG 753/6$cDSA$d2008 996 $aIstruzioni e tabelle$960649 997 $aUNIPARTHENOPE LEADER 00951nam0 2200277 450 001 000028762 005 20120725154126.0 010 $a978-0-7360-5619-9 100 $a20120319d2006----km-y0itay50------ba 101 0 $aeng 102 $aUS 105 $ay-------001yy 200 1 $aRisk management in sport and recreation$eJohn O. Spengler, Daniel P. Connaughton, Andrew T. Pittman 210 $aUSA$cHuman Kinetics$d2006 215 $aXV, 167 p.$cill.$d28 cm 500 10$aRisk management in sport and recreation$941258 610 1 $aSport$aMisure di sicurezza 676 $a796.07$v21$9Sport giochi atletici e all'aperto 700 1$aSpengler,$bJohn O.$0634170 701 1$aConnaughton,$bDaniel P.$0634171 702 1$aPittman,$bAndrew T. 801 0$aIT$bUNIPARTHENOPE$c20120319$gRICA$2UNIMARC 912 $a000028762 951 $aP1 796-R/1$b43768$cPIST$d2012 996 $aRisk management in sport and recreation$941258 997 $aUNIPARTHENOPE